00330nam a2200097Ia 45000010005000000080041000050820029000461000050000752450083001252600024002082284241024s9999 xx 000 0 und d aRD/328.3/R426i/2010-2011 aRepública Dominicana. Cámara de Diputados 0aInforme de Gestión Legislativa 2010-2011.Guadalupe Valdez, Diputada Nacional bSanto Domingoc2011